[Event "8th American Continental"]
[Site "Cochabamba BOL"]
[Date "2013.05.08"]
[Round "2"]
[White "Ynojosa Aponte, Felix Jose"]
[Black "Arias, Juan Cruz"]
[Result "1-0"]
[WhiteElo "2371"]
[BlackElo "1933"]
[EventDate "2013.05.07"]
[PlyCount "121"]

1.Nf3 e6 2.e3 f5 3.d4 Nf6 4.Bd3 d5 5.b3 c6 6.O-O Bd6 7.Ba3 O-O 8.Bxd6 Qxd6
9.Ne5 Nbd7 10.f4 b6 11.c4 Bb7 12.Nc3 c5 13.Qe2 Qe7 14.Rad1 Rac8 15.cxd5 
Nxd5 16.Nxd5 Bxd5 17.Nxd7 Qxd7 18.dxc5 Rxc5 19.e4 fxe4 20.Bxe4 Qc6 21.Bb1 
Rc3 22.Qd2 Qc5+ 23.Rf2 Rc8 24.Rf1 Rc1 25.Bd3 Rxf1+ 26.Bxf1 Qc3 27.Qxc3 
Rxc3 28.Rd2 Kf7 29.Kf2 Kf6 30.Be2 h6 31.g3 Rc8 32.Ke3 a5 33.Kd4 g5 34.
fxg5+ hxg5 35.Bd1 Rc5 36.Rf2+ Ke7 37.h4 gxh4 38.gxh4 Kd6 39.h5 Rc1 40.Rd2 
e5+ 41.Kd3 Rc7 42.h6 Rh7 43.Rh2 Bf7 44.Bf3 Bg6+ 45.Be4 Bxe4+ 46.Kxe4 Ke6 
47.Rh5 Kf6 48.Rf5+ Kg6 49.Rxe5 Kxh6 50.Re6+ Kg5 51.Rxb6 a4 52.Ke5 Rh2 53.
Ra6 Rxa2 54.Rxa4 Re2+ 55.Re4 Rb2 56.b4 Kg6 57.Ke6 Kg7 58.Kd6 Kf6 59.Rf4+ 
Kg5 60.Rc4 Rd2+ 61.Kc7 1-0

[Event "8th American Continental"]
[Site "Cochabamba BOL"]
[Date "2013.05.09"]
[Round "4"]
[White "Campero Cuellar, Ronald"]
[Black "Vasquez Schroder, Rodrigo"]
[Result "1-0"]
[WhiteElo "2211"]
[BlackElo "2554"]
[EventDate "2013.05.07"]
[PlyCount "101"]

1.e4 e6 2.d4 d5 3.Nc3 Bb4 4.exd5 exd5 5.Bd3 Nc6 6.a3 Ba5 7.Be3 Be6 8.Qf3 
Qd7 9.Ne2 Nge7 10.h3 O-O-O 11.b4 Bb6 12.Na4 Bf5 13.Nxb6+ cxb6 14.Ng3 Bxd3 
15.cxd3 Kb8 16.b5 Na5 17.Rb1 f6 18.O-O Ka8 19.Bd2 h5 20.Bb4 h4 21.Bxe7 
Qxe7 22.Nf5 Qd7 23.Rfe1 Rhe8 24.Rxe8 Rxe8 25.Nxh4 Qc7 26.Qh5 Rd8 27.g3 Qc3
28.Qe2 Qxa3 29.Nf5 g6 30.Qe7 Qxe7 31.Nxe7 g5 32.Kg2 Kb8 33.h4 gxh4 34.gxh4
Kc7 35.h5 Rh8 36.Nxd5+ Kd6 37.Nf4 Rh7 38.Kf3 f5 39.Kg3 Rg7+ 40.Ng6 Ke6 41.
Kf4 Kf6 42.Ne5 Rg2 43.Rh1 Rxf2+ 44.Kg3 Rc2 45.h6 Rc8 46.h7 Rh8 47.Kf4 Nb3 
48.Nf3 Kg7 49.Rb1 Na5 50.Ng5 Kg6 51.d5 1-0

[Event "8th American Continental"]
[Site "Cochabamba BOL"]
[Date "2013.05.10"]
[Round "5"]
[White "Arias, Pablo"]
[Black "Coro, Renan"]
[Result "1-0"]
[WhiteElo "2050"]
[BlackElo "1922"]
[EventDate "2013.05.07"]
[PlyCount "66"]

1.e4 d5 2.exd5 Qxd5 3.Nc3 Qa5 4.d4 c6 5.Bc4 Nf6 6.Ne2 Bf5 7.O-O e6 8.Ng3 
Bb4 9.Nxf5 Qxf5 10.Bd3 Qa5 11.Ne4 Nxe4 12.Bxe4 Nd7 13.c4 Nf6 14.Bf3 Rd8 
15.Be3 Bd6 16.a3 Qc7 17.g3 h5 18.Qe2 b6 19.Rad1 Kf8 20.c5 Be7 21.cxb6 axb6
22.Rc1 Nd5 23.Bxh5 Bd6 24.Bf3 Ne7 25.Rc2 e5 26.dxe5 Bxe5 27.Bxb6 Qxb6 28.
Qxe5 Qb3 29.Re2 Ng6 30.Qc7 Rb8 31.Qxc6 Qd3 32.Rfe1 Kg8 33.Be4 Ne5 1-0

[Event "8th American Continental"]
[Site "Cochabamba BOL"]
[Date "2013.05.11"]
[Round "6"]
[White "Sarkar, Justin"]
[Black "Ortiz Suarez, Isan Reynaldo"]
[Result "0-1"]
[WhiteElo "2437"]
[BlackElo "2598"]
[EventDate "2013.05.07"]
[PlyCount "86"]

1.d4 Nf6 2.c4 e6 3.Nc3 Bb4 4.e3 O-O 5.Ne2 Re8 6.a3 Bf8 7.Ng3 d5 8.Be2 b6 
9.cxd5 exd5 10.b4 Bb7 11.O-O Nbd7 12.Qb3 c6 13.Bf3 a6 14.e4 dxe4 15.Ngxe4 
Nd5 16.Nxd5 cxd5 17.Nc3 Nf6 18.Bg5 h6 19.Bxf6 Qxf6 20.Bxd5 Bxd5 21.Nxd5 
Qd6 22.Rfd1 Re4 23.f3 Re6 24.Nc3 Re3 25.Qc4 Qg6 26.Nd5 b5 27.Qa2 Rxf3 28.
Ne7+ Bxe7 29.Qd5 Rf1+ 30.Kxf1 Rd8 31.Qf3 Bf6 32.Rac1 Bxd4 33.Rc6 Qg5 34.
Rxa6 Rd5 35.Ra8+ Kh7 36.g4 h5 37.Qxf7 Qxg4 38.Qg8+ Kh6 39.Ra6+ g6 40.Qf8+ 
Bg7 41.Rxg6+ Kxg6 42.Qe8+ Kh7 43.Rxd5 Qf3+ 0-1

[Event "8th American Continental"]
[Site "Cochabamba BOL"]
[Date "2013.05.12"]
[Round "7"]
[White "Prado Serrano, Alexandra"]
[Black "Sanchez Sandoval, Gonzalo"]
[Result "1/2-1/2"]
[WhiteElo "1790"]
[BlackElo "2103"]
[EventDate "2013.05.07"]
[PlyCount "133"]

1.e4 c5 2.c3 b6 3.d4 Bb7 4.Bd3 Nf6 5.Qe2 cxd4 6.cxd4 Nc6 7.Nf3 Nb4 8.Nc3 
Nxd3+ 9.Qxd3 e6 10.O-O Rc8 11.a3 d6 12.Bd2 Be7 13.Rac1 O-O 14.Rc2 Qd7 15.
Rfc1 Rfd8 16.h3 a6 17.Be3 Qe8 18.Nd2 b5 19.f4 Nd7 20.Nf3 Nb6 21.Nd1 Nc4 
22.Bf2 e5 23.fxe5 dxe5 24.d5 Bf8 25.Qe2 a5 26.Ne3 Nd6 27.Ng4 f6 28.Bb6 
Rxc2 29.Rxc2 Rd7 30.Bxa5 h5 31.Nf2 f5 32.exf5 Nxf5 33.Qxe5 Qxe5 34.Nxe5 
Rxd5 35.Nf3 Bc5 36.Rd2 Ne3 37.Rxd5 Bxd5 38.Be1 g5 39.b4 Bb6 40.Nxg5 Nxg2 
41.Kf1 Nf4 42.Bd2 Bc4+ 43.Kg1 Nd3 44.Ne4 Bd4 45.h4 Ne5 46.Kg2 Ng6 47.Bg5 
Be2 48.Nf6+ Kf7 49.N2e4 Ne5 50.Kg3 Nc4 51.Nd5 Nxa3 52.Nd6+ Ke6 53.Nf4+ 
Kxd6 54.Nxe2 Be5+ 55.Bf4 Nc2 56.Nc3 Nd4 57.Ne4+ Kd5 58.Bxe5 Kxe4 59.Bxd4 
Kxd4 60.Kf4 Kc4 61.Kg5 Kxb4 62.Kxh5 Ka3 63.Kg5 b4 64.h5 b3 65.h6 b2 66.h7 
b1=Q 67.h8=Q 1/2-1/2

[Event "8th American Continental"]
[Site "Cochabamba BOL"]
[Date "2013.05.12"]
[Round "8"]
[White "Lopez Paniagua, Mario Iver"]
[Black "Cuellar Oshiro, Diego"]
[Result "0-1"]
[WhiteElo "2197"]
[BlackElo "2323"]
[EventDate "2013.05.07"]
[PlyCount "69"]

1.e4 e5 2.Nf3 Nc6 3.d4 exd4 4.Nxd4 Nf6 5.Nxc6 bxc6 6.e5 Qe7 7.Qe2 Nd5 8.c4
Ba6 9.b3 Qh4 10.Bb2 Bb4+ 11.Nd2 Nc3 12.Bxc3 Bxc3 13.O-O-O O-O 14.Kc2 Bb4 
15.g3 Qe7 16.f4 Rfe8 17.Qe4 Bb7 18.Bd3 g6 19.h4 d5 20.Qg2 a5 21.a4 Ba6 22.
h5 Bxd2 23.hxg6 fxg6 24.Rxd2 dxc4 25.bxc4 Qb4 26.Rb1 Bxc4 27.Bxc4+ Qxc4+ 
28.Kd1 Rad8 29.Rc1 Qxa4+ 30.Rc2 Qb5 31.Kc1 Rd5 32.Rxd5 cxd5 33.Rxc7 Rb8 
34.Rc2 Qb1+ 35.Kd2 0-1

[Event "8th American Continental"]
[Site "Cochabamba BOL"]
[Date "2013.05.12"]
[Round "8"]
[White "Sanchez Sandoval, Gonzalo"]
[Black "Ramirez, Maria Eugenia"]
[Result "1-0"]
[WhiteElo "2103"]
[BlackElo "1996"]
[EventDate "2013.05.07"]
[PlyCount "51"]

1.e4 e5 2.Nf3 Nc6 3.d4 exd4 4.Nxd4 Qh4 5.Nc3 Bb4 6.Be2 Qxe4 7.Nb5 Ba5 8.
O-O Qh4 9.Nd5 Qd8 10.Bf4 d6 11.b4 Nxb4 12.Nxb4 Bxb4 13.Qd4 Ba5 14.Qa4 g5 
15.Nxc7+ Kf8 16.Qxa5 gxf4 17.Qc3 Rb8 18.Qxh8 Qxc7 19.Bd3 f5 20.Rfe1 b5 21.
Rab1 a6 22.a4 b4 23.Re8+ Kxe8 24.Qxg8+ Kd7 25.Bxf5+ Kc6 26.Qc4+ 1-0

[Event "8th American Continental"]
[Site "Cochabamba BOL"]
[Date "2013.05.13"]
[Round "9"]
[White "Prasca Sosa, Rafael"]
[Black "Lenderman, Aleksandr"]
[Result "1/2-1/2"]
[WhiteElo "2426"]
[BlackElo "2585"]
[EventDate "2013.05.07"]
[PlyCount "74"]

1.e4 c6 2.d4 d5 3.e5 Bf5 4.Nf3 e6 5.Be2 c5 6.O-O Nc6 7.c3 cxd4 8.Nxd4 Nge7
9.Nxf5 Nxf5 10.Bd3 g6 11.Nd2 h5 12.Qe2 Bh6 13.Nf3 Kf8 14.g3 Kg7 15.Bxf5 
gxf5 16.Bxh6+ Rxh6 17.h4 Qe7 18.Ng5 Qc5 19.Rfe1 Rd8 20.Rad1 Rhh8 21.Qd2 
Qe7 22.Nh3 Rdg8 23.Kh2 a6 24.Qe2 Kf8 25.Qe3 Rg4 26.f3 Ra4 27.a3 Qc7 28.Re2
Ne7 29.Nf4 Rc4 30.Rd3 b5 31.Rd1 Kg7 32.Rd3 Rh6 33.Rd1 Ng6 34.Nxg6 Rxg6 35.
Rd4 Kf8 36.Kg2 Ke7 37.Rxc4 Qxc4 1/2-1/2

[Event "8th American Continental"]
[Site "Cochabamba BOL"]
[Date "2013.05.13"]
[Round "9"]
[White "Vasquez Schroder, Rodrigo"]
[Black "Ynojosa Aponte, Felix Jose"]
[Result "1-0"]
[WhiteElo "2554"]
[BlackElo "2371"]
[EventDate "2013.05.07"]
[PlyCount "71"]

1.e4 c5 2.Nf3 Nc6 3.d4 cxd4 4.Nxd4 e5 5.Nb5 d6 6.N1c3 a6 7.Na3 b5 8.Nd5 
Nce7 9.c4 Nxd5 10.exd5 bxc4 11.Nxc4 Nf6 12.Be3 Rb8 13.Be2 Be7 14.O-O O-O 
15.a4 Bb7 16.Nb6 Nd7 17.a5 f5 18.Rc1 f4 19.Bg4 Nf6 20.Be6+ Kh8 21.Bd2 Qe8 
22.Qb3 Ne4 23.Qd3 Nxd2 24.Qxd2 f3 25.Nd7 fxg2 26.Rfe1 Qd8 27.Nxf8 Bg5 28.
Qd3 Qxf8 29.Rc4 Bf4 30.h3 Qd8 31.b4 Qe7 32.Qc2 Rf8 33.Rc7 Qh4 34.Rxb7 h5 
35.Re2 Be3 36.Rf7 1-0

[Event "8th American Continental"]
[Site "Cochabamba BOL"]
[Date "2013.05.13"]
[Round "9"]
[White "Cori Tello, Jorge"]
[Black "Rios Gomez, Cristhian Camilo"]
[Result "1-0"]
[WhiteElo "2546"]
[BlackElo "2362"]
[EventDate "2013.05.07"]
[PlyCount "105"]

1.d4 Nf6 2.Nf3 e6 3.e3 b6 4.Bd3 Bb7 5.O-O g6 6.Qe2 Bg7 7.e4 d6 8.e5 dxe5 
9.dxe5 Nfd7 10.Be4 Nc6 11.Rd1 Qc8 12.Bf4 Nc5 13.Nc3 O-O 14.h4 h5 15.Rd2 
Rd8 16.Rad1 Rxd2 17.Rxd2 Qe8 18.Bg5 Nxe4 19.Nxe4 Nxe5 20.Nxe5 Bxe5 21.Nc5 
f6 22.Nxb7 Rb8 23.Qe4 fxg5 24.Qxe5 Rxb7 25.Qf6 Rb8 26.hxg5 e5 27.Rd5 Qf7 
28.Rxe5 Qxf6 29.gxf6 Rf8 30.Re7 Rf7 31.Re6 c5 32.Kf1 Kh7 33.a4 g5 34.a5 
bxa5 35.Rc6 Kg6 36.Rxc5 a4 37.Ra5 Rb7 38.f7 Kxf7 39.Rxg5 Rxb2 40.Rxh5 a3 
41.Ra5 a2 42.Ke2 Rxc2+ 43.Ke3 Kf6 44.g3 Rb2 45.Kf3 Rb3+ 46.Kg4 Rb2 47.f4 
Rg2 48.Ra6+ Kf7 49.f5 Kg7 50.Kf4 Rb2 51.Rxa7+ Kh6 52.Ra6+ Kg7 53.Kg5 1-0

[Event "8th American Continental"]
[Site "Cochabamba BOL"]
[Date "2013.05.13"]
[Round "9"]
[White "Cuellar Oshiro, Diego"]
[Black "Zambrana, Oswaldo"]
[Result "1/2-1/2"]
[WhiteElo "2323"]
[BlackElo "2478"]
[EventDate "2013.05.07"]
[PlyCount "152"]

1.e4 c5 2.Nf3 Nc6 3.d4 cxd4 4.Nxd4 Nf6 5.Nc3 e5 6.Ndb5 d6 7.Bg5 a6 8.Na3 
b5 9.Bxf6 gxf6 10.Nd5 f5 11.Bxb5 axb5 12.Nxb5 Ra7 13.Nxa7 Qa5+ 14.c3 Qxa7 
15.exf5 Bxf5 16.Qf3 Be6 17.Nf6+ Ke7 18.Nh5 Kd7 19.O-O Be7 20.Ng7 h5 21.
Nxe6 fxe6 22.a4 Qa6 23.b4 Qc4 24.Rfb1 Qg4 25.Qxg4 hxg4 26.a5 Bd8 27.Ra4 
Rf8 28.Rba1 Na7 29.c4 Rf4 30.b5 Rd4 31.g3 Nc8 32.b6 Nxb6 33.axb6 Bxb6 34.
R1a2 Bc5 35.Kg2 Ke7 36.Rc2 Kf6 37.Ra1 Kf5 38.Rb1 e4 39.Rb8 Rd1 40.Rf8+ Kg6
41.Rf4 e3 42.fxe3 Bxe3 43.Rf1 Rd3 44.h4 gxh3+ 45.Kxh3 e5 46.Rf3 e4 47.Rf8 
Bd4 48.Re2 Be5 49.Rg8+ Kf5 50.Kg2 Rc3 51.g4+ Kf4 52.Rf8+ Kxg4 53.Rxe4+ Kg5
54.Kf2 Rh3 55.Rf3 Rh2+ 56.Ke1 Rg2 57.Kd1 Ra2 58.Re2 Ra1+ 59.Kc2 Kg4 60.Rf7
Kg3 61.Rf5 Ra3 62.Rfxe5 dxe5 63.Rxe5 Kf4 64.Re1 Kf5 65.Kb2 Rg3 66.Kc2 Kf6 
67.Kd2 Ra3 68.Re8 Rh3 69.Kc2 Rg3 70.Kb2 Rh3 71.Re1 Rg3 72.Kc2 Rh3 73.Rb1 
Ke5 74.Rb3 Rxb3 75.Kxb3 Kd6 76.c5+ Kxc5 1/2-1/2

[Event "8th American Continental"]
[Site "Cochabamba BOL"]
[Date "2013.05.13"]
[Round "9"]
[White "Martinez Alcantara, Jose Eduardo"]
[Black "Cornejo, Max"]
[Result "1/2-1/2"]
[WhiteElo "2208"]
[BlackElo "2380"]
[EventDate "2013.05.07"]
[PlyCount "112"]

1.e4 c6 2.d4 d5 3.Nc3 dxe4 4.Nxe4 Nd7 5.Ng5 Ngf6 6.Bd3 e5 7.Qe2 Qe7 8.Bc4 
Nd5 9.Bxd5 cxd5 10.dxe5 Nxe5 11.N5f3 Nc6 12.c3 Bf5 13.Qxe7+ Bxe7 14.Ne2 
Be4 15.Be3 O-O 16.O-O h6 17.Ned4 Na5 18.Nd2 Bg6 19.Rfe1 Bf6 20.Nb5 b6 21.
Bd4 Bxd4 22.Nxd4 Rfe8 23.Nb5 Kf8 24.f4 Red8 25.Nd4 Bd3 26.Re3 Ba6 27.b4 
Nc4 28.Nxc4 Bxc4 29.a3 a5 30.bxa5 bxa5 31.Rb1 Rdb8 32.Ree1 Bd3 33.Rbd1 Be4
34.Rd2 Rc8 35.Nb5 Ra6 36.Re3 f5 37.Kf2 Rb6 38.a4 Rc4 39.Ra2 Bb1 40.Rb2 
Rxf4+ 41.Rf3 Rxf3+ 42.gxf3 Bd3 43.Ke3 Bc4 44.h4 g5 45.hxg5 hxg5 46.Rg2 Rg6
47.Nd4 f4+ 48.Kf2 Ke8 49.Kg1 Kd7 50.Rh2 g4 51.Rh7+ Ke8 52.fxg4 Rxg4+ 53.
Kf2 Rg3 54.Nf3 Bd3 55.Rh4 Bc4 56.Rxf4 Rxf3+ 1/2-1/2

[Event "8th American Continental"]
[Site "Cochabamba BOL"]
[Date "2013.05.13"]
[Round "9"]
[White "Martinez Bejanero, Ariel A."]
[Black "Ruiz Castillo, Joshua Daniel"]
[Result "1-0"]
[WhiteElo "2203"]
[BlackElo "2370"]
[EventDate "2013.05.07"]
[PlyCount "85"]

1.e4 c5 2.Nf3 d6 3.d4 cxd4 4.Nxd4 Nf6 5.Nc3 a6 6.Bg5 Nbd7 7.f4 Qc7 8.Qf3 
b5 9.O-O-O Bb7 10.Bd3 e6 11.Rhe1 h6 12.Bh4 b4 13.Nce2 Be7 14.g4 g5 15.fxg5
Ne5 16.Qf1 Nfxg4 17.Nf4 hxg5 18.Nfxe6 fxe6 19.Nxe6 Qa5 20.Bg3 Kd7 21.Bc4 
Nxc4 22.Qxc4 Rac8 23.Qb3 Ne5 24.Ng7 Rh6 25.Nf5 Rf6 26.Bxe5 Qxe5 27.Qxb4 
Rxf5 28.Qxb7+ Rc7 29.Qxa6 Rf2 30.Re2 Rxe2 31.Qxe2 Bf6 32.c3 Qc5 33.Rd5 Qc4
34.Qg4+ Ke7 35.Qg3 Qf1+ 36.Kc2 Qf4 37.Qg2 Rc4 38.Kd3 Ra4 39.Rf5 Qc1 40.Rf1
Rd4+ 41.cxd4 Qc6 42.Qc2 Qb6 43.e5 1-0

[Event "8th American Continental"]
[Site "Cochabamba BOL"]
[Date "2013.05.13"]
[Round "9"]
[White "Gemy Vargas, Jose Daniel"]
[Black "Aguilar, Luis Miguel"]
[Result "1-0"]
[WhiteElo "2320"]
[BlackElo "1903"]
[EventDate "2013.05.07"]
[PlyCount "85"]

1.Nf3 g6 2.g3 Bg7 3.Bg2 c5 4.c3 Nf6 5.d4 O-O 6.dxc5 Qc7 7.Qd4 Na6 8.Be3 
Nh5 9.Qd5 Nf6 10.Qe5 d6 11.cxd6 exd6 12.Qb5 Bd7 13.Qd3 Bc6 14.O-O Rfe8 15.
Na3 Ng4 16.Bd4 Ne5 17.Nxe5 dxe5 18.Be3 Bxg2 19.Kxg2 Qc6+ 20.Kg1 Nc7 21.
Rfd1 Ne6 22.Qb5 Qxb5 23.Nxb5 a6 24.Nd6 Re7 25.Bb6 Nf8 26.e4 Nd7 27.Be3 b5 
28.a4 Rb8 29.axb5 axb5 30.Ba7 Ra8 31.Nxb5 Bh6 32.Nc7 Rd8 33.Rd6 f5 34.exf5
Bg7 35.Rad1 Nf8 36.Rxd8 Rxc7 37.Bb6 Rb7 38.Bc5 Rxb2 39.f6 Bh6 40.Bxf8 Bxf8
41.R1d7 Rc2 42.Rg7+ Kh8 43.Rxf8# 1-0

[Event "8th American Continental"]
[Site "Cochabamba BOL"]
[Date "2013.05.13"]
[Round "9"]
[White "Cortes Orihuela, Javier"]
[Black "Sabas, Jorge"]
[Result "1-0"]
[WhiteElo "2032"]
[BlackElo "2302"]
[EventDate "2013.05.07"]
[PlyCount "155"]

1.d4 Nf6 2.c4 g6 3.Nc3 Bg7 4.e4 d6 5.Nf3 O-O 6.h3 c6 7.Bg5 a6 8.a4 a5 9.
Be2 Na6 10.g4 Qc7 11.Nd2 e5 12.d5 Nc5 13.Qc2 Ne8 14.Rg1 f6 15.Be3 Qe7 16.
O-O-O Nc7 17.Nb3 N7a6 18.Nxc5 Nxc5 19.Rd2 Na6 20.Qd1 c5 21.Rg2 Bd7 22.Qh1 
Rf7 23.Rd1 Qf8 24.Rdg1 Bh6 25.h4 Bf4 26.h5 g5 27.Kd2 Qd8 28.Ra1 Qb6 29.Qc1
Rff8 30.Rg1 Nb4 31.Rg2 Be8 32.Rg1 Bf7 33.Rg2 Kh8 34.Rg1 Rfd8 35.Rg2 Rab8 
36.Rg1 Nc6 37.dxc6 bxc6 38.Bxf4 exf4 39.Rb1 Qb4 40.Qc2 Bxc4 41.Bxc4 Qxc4 
42.Rge1 Rb4 43.Kc1 Qe6 44.Qe2 Rdb8 45.Rd1 Qe5 46.Qc2 Rc4 47.Qd2 Rbb4 48.
Ra1 Rd4 49.Qe2 Rdc4 50.Qd2 Kg7 51.Ra3 Rd4 52.Qe2 Rb6 53.f3 Kf8 54.Rd2 Ke7 
55.h6 Kd7 56.Na2 Qe6 57.Qd1 Qe5 58.Rad3 Kc7 59.Qc2 Kb7 60.Qc3 Rxd3 61.Rxd3
Kc7 62.Qxe5 fxe5 63.Nc3 Rb8 64.Rd2 Kd7 65.Kc2 Ke6 66.Nb1 d5 67.exd5+ cxd5 
68.Nc3 Rd8 69.Ne4 c4 70.Nxg5+ Kf6 71.Ne4+ dxe4 72.Rxd8 exf3 73.Kd2 e4 74.
Rd4 e3+ 75.Ke1 e2 76.Kf2 Kg6 77.Rxf4 Kxh6 78.Rxc4 1-0

[Event "8th American Continental"]
[Site "Cochabamba BOL"]
[Date "2013.05.13"]
[Round "9"]
[White "Chumpitaz Carbajal, Ann"]
[Black "Aguilar, Andres"]
[Result "0-1"]
[WhiteElo "2155"]
[BlackElo "2233"]
[EventDate "2013.05.07"]
[PlyCount "66"]

1.d4 Nf6 2.c4 g6 3.Nc3 Bg7 4.e4 O-O 5.Be2 d6 6.Bg5 c5 7.d5 e6 8.Nf3 exd5 
9.exd5 Bg4 10.O-O a6 11.h3 Bxf3 12.Bxf3 Nbd7 13.Qd2 Re8 14.Qf4 Qb6 15.Rab1
Re5 16.Qd2 Rae8 17.Bf4 R5e7 18.b4 cxb4 19.Na4 Qc7 20.Qxb4 Ne5 21.Bxe5 Rxe5
22.Rfc1 Bh6 23.Rd1 Ne4 24.c5 dxc5 25.Qxb7 Qa5 26.Bxe4 Rxe4 27.Nb6 Re1+ 28.
Kh2 Bf4+ 29.g3 Qxa2 30.Kg2 R8e2 31.Qc8+ Kg7 32.Qxc5 Rxf2+ 33.Qxf2 Re2 0-1

[Event "8th American Continental"]
[Site "Cochabamba BOL"]
[Date "2013.05.13"]
[Round "9"]
[White "Arias, Pablo"]
[Black "Campero Cuellar, Ronald"]
[Result "1-0"]
[WhiteElo "2050"]
[BlackElo "2211"]
[EventDate "2013.05.07"]
[PlyCount "55"]

1.e4 d6 2.d4 Nf6 3.Nc3 g6 4.f3 c6 5.Be3 b5 6.e5 b4 7.exf6 bxc3 8.bxc3 exf6
9.Bd3 Bg7 10.Ne2 O-O 11.Qd2 f5 12.O-O Nd7 13.Bh6 Nf6 14.Bxg7 Kxg7 15.c4 c5
16.Qc3 Kg8 17.Rfd1 Bd7 18.Nf4 Rc8 19.Bf1 Re8 20.dxc5 dxc5 21.Rd6 Rc6 22.
Rad1 Rxd6 23.Rxd6 Kg7 24.Nd5 Re6 25.Nxf6 Rxf6 26.Qe5 g5 27.Bd3 f4 28.Qxg5+
1-0

[Event "8th American Continental"]
[Site "Cochabamba BOL"]
[Date "2013.05.13"]
[Round "9"]
[White "Celis Maldonado, Kevin"]
[Black "Cueto Chajtur, Jhonny"]
[Result "1/2-1/2"]
[WhiteElo "2134"]
[BlackElo "2263"]
[EventDate "2013.05.07"]
[PlyCount "107"]

1.e4 g6 2.d4 Bg7 3.c4 Nc6 4.Be3 d6 5.Nc3 e5 6.d5 Nce7 7.Bd3 Nf6 8.f3 Nh5 
9.Nge2 f5 10.exf5 gxf5 11.f4 Ng6 12.fxe5 dxe5 13.O-O O-O 14.Bc5 Rf7 15.Bc2
Qg5 16.Kh1 Bd7 17.Qc1 Qg4 18.Bf2 Ngf4 19.Nxf4 Nxf4 20.Rg1 Rf6 21.Qd1 Qg5 
22.Qf3 Rh6 23.Rge1 Re8 24.Be3 Qh4 25.Bg1 Rg6 26.g3 Qh5 27.Qxh5 Nxh5 28.
Rad1 a6 29.b4 e4 30.Bd4 Nf6 31.Ne2 Ng4 32.Bxg7 Rxg7 33.Kg1 Ne3 34.Rc1 Nxc4
35.Bb3 Nd2 36.Rxc7 Nf3+ 37.Kf2 Nxe1 38.Kxe1 Bb5 39.d6+ Kf8 40.Rc5 Rd7 41.
Rxf5+ Kg7 42.Nd4 Rxd6 43.Rxb5 Rxd4 44.Rxb7+ Kh8 45.Rb6 e3 46.Rxa6 Rxb4 47.
Ke2 Rd4 48.Re6 Rxe6 49.Bxe6 Re4 50.Bd5 Re5 51.Bf3 Kg7 52.a4 Kf6 53.a5 Rxa5
54.Kxe3 1/2-1/2

[Event "8th American Continental"]
[Site "Cochabamba BOL"]
[Date "2013.05.13"]
[Round "9"]
[White "Avila, Carlos"]
[Black "Lopez Paniagua, Mario Iver"]
[Result "0-1"]
[WhiteElo "1848"]
[BlackElo "2197"]
[EventDate "2013.05.07"]
[PlyCount "96"]

1.e4 c5 2.Nf3 d6 3.d4 cxd4 4.Nxd4 Nf6 5.Nc3 g6 6.Be3 Bg7 7.Be2 a6 8.O-O 
O-O 9.f4 Nc6 10.Kh1 Bd7 11.Bf3 Rc8 12.Bg1 Qc7 13.Qd2 e6 14.Rad1 Rfd8 15.
Nb3 Na5 16.Qxd6 Qxd6 17.Rxd6 Nc4 18.Rd4 Nxb2 19.Nd1 Bb5 20.Rf2 Nxd1 21.
Bxd1 Nxe4 22.Rxe4 Rxd1 23.a4 Bc6 24.Ree2 Bxa4 25.Rd2 Rd8 26.Rxd8+ Rxd8 27.
h3 Bxb3 28.cxb3 Rd1 29.g3 Rxg1+ 30.Kxg1 Bd4 31.Kf1 Bxf2 32.Kxf2 Kf8 33.Ke3
Ke7 34.Kd4 Kd6 35.g4 f6 36.h4 e5+ 37.fxe5+ fxe5+ 38.Ke4 a5 39.h5 b5 40.
hxg6 hxg6 41.g5 a4 42.bxa4 bxa4 43.Kd3 a3 44.Kc2 e4 45.Kb3 e3 46.Kxa3 e2 
47.Kb2 e1=Q 48.Kb3 Kc5 0-1

[Event "8th American Continental"]
[Site "Cochabamba BOL"]
[Date "2013.05.13"]
[Round "9"]
[White "Tapia, Mauricio"]
[Black "Parraga, Alejandro"]
[Result "0-1"]
[WhiteElo "1907"]
[BlackElo "2163"]
[EventDate "2013.05.07"]
[PlyCount "74"]

1.d4 d5 2.c4 c6 3.Nc3 Nf6 4.Nf3 dxc4 5.e4 b5 6.a4 b4 7.Na2 Nxe4 8.Bxc4 e6 
9.O-O Be7 10.Qc2 Nf6 11.Bg5 a5 12.Nc1 O-O 13.Bd3 h6 14.Bf4 Bb7 15.Nb3 Nbd7
16.Qd2 Ba6 17.Rac1 Bxd3 18.Qxd3 Qb6 19.Nbd2 Nd5 20.Be3 Rfc8 21.Nc4 Qa6 22.
Nfe5 Ra7 23.f4 Nxe5 24.fxe5 Nxe3 25.Qxe3 Bg5 26.Qf3 Bxc1 27.Rxc1 Rd8 28.
Nd6 Rc7 29.Rc5 Qa7 30.Qe3 Rdd7 31.Ne8 Kf8 32.Nxc7 Qxc7 33.b3 Rd5 34.Rc4 
Qd7 35.Kf1 f6 36.Qf4 Kg8 37.exf6 Rf5 0-1

[Event "8th American Continental"]
[Site "Cochabamba BOL"]
[Date "2013.05.13"]
[Round "9"]
[White "Delgadillo Daza, Adonay"]
[Black "Monroy Carrizo, Javier"]
[Result "0-1"]
[WhiteElo "2161"]
[BlackElo "2053"]
[EventDate "2013.05.07"]
[PlyCount "76"]

1.e4 d6 2.d4 g6 3.Bc4 Bg7 4.Nf3 Nf6 5.Qe2 O-O 6.Nc3 a6 7.e5 Ng4 8.Bg5 dxe5
9.O-O-O e4 10.Nxe4 Nd7 11.Bb3 Ngf6 12.Nc3 Nb6 13.d5 Bg4 14.h3 Bxf3 15.Qxf3
Qd6 16.Rhe1 Rae8 17.g4 Qc5 18.Be3 Qa5 19.Kb1 Nfd7 20.Bg5 Ne5 21.Qf4 f6 22.
Bh6 g5 23.d6+ e6 24.Qf5 Bxh6 25.Bxe6+ Kh8 26.d7 Rd8 27.Rh1 Nec4 28.Nd5 Nd6
29.Qf3 Nxd5 30.Rxd5 Qb4 31.Qd1 Bg7 32.a3 Qb6 33.Rd3 Ne4 34.Bf5 Nxf2 35.Qf1
Nxd3 36.cxd3 Qd4 37.h4 h6 38.Be4 f5 0-1

[Event "8th American Continental"]
[Site "Cochabamba BOL"]
[Date "2013.05.13"]
[Round "9"]
[White "Cordero Loup, Ely Daniela"]
[Black "Aliaga Fernandez, Ingrid"]
[Result "0-1"]
[WhiteElo "2074"]
[BlackElo "2184"]
[EventDate "2013.05.07"]
[PlyCount "64"]

1.d4 Nf6 2.Nf3 e6 3.e3 d5 4.Bd3 c5 5.b3 Bd6 6.Bb2 O-O 7.O-O b6 8.Nbd2 Bb7 
9.Ne5 Nc6 10.a3 Ne7 11.f4 Ne4 12.Ndf3 f6 13.Ng4 Qc7 14.Bxe4 dxe4 15.dxc5 
Bxc5 16.Nd4 Bxd4 17.exd4 Nd5 18.Bc1 Qc3 19.Ra2 Rac8 20.Qd2 Ba6 21.Re1 f5 
22.Ne5 e3 23.Qxc3 Rxc3 24.h3 Rfc8 25.Nf3 Nxf4 26.Bxe3 Ne2+ 27.Kf2 Rxc2 28.
Rxc2 Rxc2 29.Nd2 Nxd4 30.Kg3 Ne2+ 31.Kf3 f4 32.Nc4 Bb7+ 0-1

[Event "8th American Continental"]
[Site "Cochabamba BOL"]
[Date "2013.05.13"]
[Round "9"]
[White "Acosta, Mariano"]
[Black "Saavedra Lamas, Carlos"]
[Result "0-1"]
[WhiteElo "1958"]
[BlackElo "2179"]
[EventDate "2013.05.07"]
[PlyCount "154"]

1.d4 Nf6 2.Nf3 d6 3.Bg5 Nbd7 4.Nbd2 g6 5.e4 h6 6.Bh4 e5 7.dxe5 dxe5 8.Bc4 
Bg7 9.O-O O-O 10.Re1 c6 11.Qe2 Qc7 12.Rad1 Nc5 13.Bxf6 Bxf6 14.Qe3 Qe7 15.
Qxh6 Ne6 16.Nf1 b5 17.Bb3 a5 18.a3 Rb8 19.Ng3 a4 20.Ba2 b4 21.axb4 Rxb4 
22.Rb1 Bd7 23.Qc1 Nf4 24.Re3 Kg7 25.b3 axb3 26.Bxb3 Rbb8 27.Bc4 Qc5 28.Bf1
Be6 29.h3 Ba2 30.Ra1 Be6 31.Rea3 Rfd8 32.Ra5 Qd6 33.Qa3 Qc7 34.Ra7 Qb6 35.
Ra6 Qc7 36.Qc5 Rdc8 37.Ra7 Qd8 38.Rc1 Rb2 39.Qa5 Qd6 40.Qa3 Qb8 41.Qa1 Qb4
42.Qa3 Qb6 43.Ra6 Qb8 44.Ra8 Qxa8 45.Qxb2 Qa5 46.Ra1 Qc5 47.Ne2 Nxe2+ 48.
Bxe2 Rd8 49.Ra6 Rc8 50.Bd3 Qd6 51.Qa3 Be7 52.Qxd6 Bxd6 53.Ra4 Rb8 54.Bc4 
Bd7 55.Bb3 Kf6 56.Ra7 Be8 57.Ra5 Bc7 58.Ra1 Rd8 59.Bc4 Bb6 60.Kf1 Bc5 61.
Ke2 Bb6 62.Rb1 Bc5 63.c3 Ra8 64.Nh2 Bd6 65.Ng4+ Kg7 66.Rb7 Ra1 67.g3 Rc1 
68.Kd2 Ra1 69.h4 Ra4 70.Kd3 Ra1 71.Ne3 Ra8 72.h5 gxh5 73.Nf5+ Kf6 74.Nh6 
Bc5 75.f4 Rd8+ 76.Ke2 Bd7 77.Nxf7 Bg4+ 0-1

[Event "8th American Continental"]
[Site "Cochabamba BOL"]
[Date "2013.05.13"]
[Round "9"]
[White "Lopez, Diego"]
[Black "Borda Rivera, Carla"]
[Result "0-1"]
[WhiteElo "2171"]
[BlackElo "1950"]
[EventDate "2013.05.07"]
[PlyCount "132"]

1.Nf3 d6 2.d4 Nd7 3.c4 e5 4.e4 Ngf6 5.Nc3 g6 6.g3 Bg7 7.Bg2 O-O 8.O-O Re8 
9.h3 a5 10.Be3 c6 11.d5 c5 12.Qc2 Nf8 13.Rab1 Nh5 14.a3 b6 15.b4 axb4 16.
axb4 f5 17.Bd2 Bd7 18.bxc5 bxc5 19.Nb5 fxe4 20.Ng5 Bf5 21.Be3 Nf6 22.g4 
Bc8 23.Nxe4 Nxe4 24.Bxe4 g5 25.Rb3 h6 26.Rfb1 Ra6 27.Nc3 Nd7 28.Bf5 Nf6 
29.Bxc8 Qxc8 30.Rb7 e4 31.f3 Ra3 32.fxe4 Nxg4 33.Rxg7+ Kxg7 34.Bc1 Ra7 35.
hxg4 Qxg4+ 36.Qg2 Qd7 37.Nb5 Ra4 38.Bb2+ Kh7 39.Nxd6 Qxd6 40.e5 Qg6 41.Rf1
Rxc4 42.e6 Qe4 43.Rf7+ Kg6 44.Rg7+ Kh5 45.Qh3+ Qh4 46.Qxh4+ Kxh4 47.e7 Rc2
48.Be5 Re2 49.d6 Rxe5 50.d7 R8xe7 51.Rxe7 Rd5 52.Re5 Rxd7 53.Rxc5 Rd2 54.
Rc3 g4 55.Ra3 h5 56.Rb3 g3 57.Rb5 Kg4 58.Rb4+ Kh3 59.Rb1 h4 60.Ra1 Re2 61.
Rb1 Kg4 62.Rb4+ Kf3 63.Rb3+ Re3 64.Rb1 h3 65.Kh1 Ke2 66.Ra1 Kd3 0-1

[Event "8th American Continental"]
[Site "Cochabamba BOL"]
[Date "2013.05.13"]
[Round "9"]
[White "Nunez Marquina, Nataly Massiel"]
[Black "Gamboa Gonzalez, Anibal"]
[Result "1-0"]
[WhiteElo "1942"]
[BlackElo "2126"]
[EventDate "2013.05.07"]
[PlyCount "70"]

1.e4 Nf6 2.e5 Nd5 3.d4 d6 4.Nf3 Nc6 5.c4 Nb6 6.e6 fxe6 7.Nc3 g6 8.h4 Bg7 
9.Be3 e5 10.d5 Nd4 11.Nxd4 exd4 12.Bxd4 Bxd4 13.Qxd4 e5 14.dxe6 O-O 15.
O-O-O Bxe6 16.h5 Qf6 17.hxg6 hxg6 18.f3 a6 19.b3 Qxd4 20.Rxd4 Kg7 21.Bd3 
Rh8 22.Rdh4 Rxh4 23.Rxh4 Re8 24.Kd2 Nd7 25.Ne4 Ne5 26.Rh7+ Kxh7 27.Nf6+ 
Kh6 28.Nxe8 Kg5 29.Nxc7 Bf7 30.Be4 b5 31.cxb5 axb5 32.Ke3 Kh4 33.Kf2 b4 
34.g3+ Kh5 35.g4+ Kh6 1-0